000
00240nam a2200097Ia 4500
001
690761
005
20250826161822.0
008
250824s9999 xx 000 0 und d
245
0
_a
CEHELET TUTKUSU
_c
RENATA SALECL
260
_b
TİMAŞ YAYINLARI
999
_c
690761
_d
690761